000 00832nam a2200193Ii 4500
003 JO-AjNU
008 230605s9999||||xx |||||||||||||| ||und||
040 _aJO-AjNU
_bara
_erda
_cJO-AjNU
041 _aara
050 1 4 _aDS38.M27.1988
100 3 _aتأليف: المسعودي، ابي الحسن علي بن الحسين بن علي؛ تحقيق محمد محي الدين عبد الحميد,
_eauthor
_959116
245 0 0 _aمروج الذهب ومعادن الجوهر، ج4
264 3 1 _aبيروت: المكتبة العصرية للطباعة والنشر وزالتوزيع،1988
300 _aج4: 418ص
_bيحتوي على فهرس موضوعات من ص 411-418
336 _atext
_btxt
_2rdacontent
337 _aunmediated
_bn
_2rdamedia
338 _avolume
_bnc
_2rdacarrier
650 4 _aعرب - تاريخ
_959117
999 _aA26586
_c30154
_d30154